000 00309nam a2200109 4500
999 _c13690
_d13690
008 190401b ||||| |||| 00| 0 eng d
245 _aInternet traffic hijack disrupts google services.
260 _aDavao City:
_bSun Star Davao;
_cc2018.
300 _apage 8.
650 0 _938079
_aInternet.
942 _2ddc
_cPER